000 00262nam a2200109Ia 4500
005 20251222154424.0
008 251222s9999||||xx |||||||||||||| ||spa||
020 _a84-239-9250-0
082 _a411/R31
245 0 _aOrtograféa de la lengua española
942 _cLIB
999 _c36159
_d36159